000 00299nam a22001457a 4500
003 SGT
020 _a9789352534319
082 _a537
_bMUR
100 _aMURUGESHAN R.
245 _aELECTRICITY AND MAGNETISM
250 _a10TH
260 _bS.CHAND
_c2018
300 _a478
942 _2ddc
_cBK
_02
999 _c16430
_d16430